[Event "Blitz 2018"]
[Site "Saint-Petersburg"]
[Date "2018.12.30"]
[Round "15"]
[Board "61"]
[White "Tregubov Pavel V. (RUS)"]
[Black "Antipov Mikhail Al. (RUS)"]
[Result "0-1"]
[LiveChessVersion "1.4.8"]
[BlackElo "2604"]
[WhiteElo "2516"]

1. d4 {[%clk 0:03:03]} Nf6 {[%clk 0:03:03]} 2. c4 {[%clk 0:03:05]} c6
{[%clk 0:03:05]} 3. Nc3 {[%clk 0:03:06]} d5 {[%clk 0:03:06]} 4. cxd5
{[%clk 0:03:07]} cxd5 {[%clk 0:03:07]} 5. Bf4 {[%clk 0:03:08]} Nc6
{[%clk 0:03:07]} 6. e3 {[%clk 0:03:10]} a6 {[%clk 0:03:08]} 7. Bd3
{[%clk 0:03:10]} Bg4 {[%clk 0:03:09]} 8. Nge2 {[%clk 0:03:10]} e6
{[%clk 0:03:10]} 9. O-O {[%clk 0:03:10]} Bd6 {[%clk 0:03:01]} 10. f3
{[%clk 0:03:11]} Bh5 {[%clk 0:03:03]} 11. Rc1 {[%clk 0:03:12]} Bg6
{[%clk 0:02:58]} 12. Na4 {[%clk 0:03:13]} Bxf4 {[%clk 0:02:31]} 13. Nxf4
{[%clk 0:03:14]} Nd7 {[%clk 0:02:32]} 14. Bxg6 {[%clk 0:02:53]} hxg6
{[%clk 0:02:32]} 15. h3 {[%clk 0:02:44]} Rc8 {[%clk 0:02:03]} 16. e4
{[%clk 0:02:36]} Qg5 {[%clk 0:01:22]} 17. exd5 {[%clk 0:02:30]} Qxf4
{[%clk 0:01:03]} 18. dxc6 {[%clk 0:02:28]} bxc6 {[%clk 0:01:02]} 19. Nc3
{[%clk 0:01:16]} Rxh3 {[%clk 0:00:29]} 20. Ne2 {[%clk 0:00:40]} Qe3+
{[%clk 0:00:21]} 21. Rf2 {[%clk 0:00:41]} Rh8 {[%clk 0:00:09]} 22. Rc3
{[%clk 0:00:40]} Qh6 {[%clk 0:00:10]} 23. Rf1 {[%clk 0:00:33]} Nf6
{[%clk 0:00:09]} 24. Qc1 {[%clk 0:00:23]} Qh2+ {[%clk 0:00:08]} 25. Kf2
{[%clk 0:00:24]} Qh4+ {[%clk 0:00:08]} 26. Kg1 {[%clk 0:00:18]} Kd7
{[%clk 0:00:06]} 27. Qf4 {[%clk 0:00:16]} Qxf4 {[%clk 0:00:05]} 28. Nxf4
{[%clk 0:00:17]} Nd5 {[%clk 0:00:04]} 29. Nxd5 {[%clk 0:00:16]} cxd5
{[%clk 0:00:04]} 30. Rfc1 {[%clk 0:00:13]} Rxc3 {[%clk 0:00:04]} 31. Rxc3
{[%clk 0:00:15]} Rb8 {[%clk 0:00:04]} 32. Ra3 {[%clk 0:00:07]} Rxb2
{[%clk 0:00:04]} 33. Rxa6 {[%clk 0:00:09]} Rb4 {[%clk 0:00:04]} 34. Ra7+
{[%clk 0:00:10]} Ke8 {[%clk 0:00:05]} 35. a4 {[%clk 0:00:09]} Rxd4 36. a5 Ra4
{[%clk 0:00:06]} 37. a6 {[%clk 0:00:12]} g5 {[%clk 0:00:05]} 38. Kf2
{[%clk 0:00:13]} g6 {[%clk 0:00:06]} 39. Ke3 {[%clk 0:00:13]} Kf8
{[%clk 0:00:06]} 40. Kd3 {[%clk 0:00:14]} d4 {[%clk 0:00:04]} 41. Ke4
{[%clk 0:00:13]} Kg7 {[%clk 0:00:04]} 42. Kd3 {[%clk 0:00:10]} Kf6
{[%clk 0:00:05]} 43. Kc2 {[%clk 0:00:10]} Ra5 {[%clk 0:00:04]} 44. Kb3
{[%clk 0:00:10]} e5 {[%clk 0:00:04]} 45. Kb4 {[%clk 0:00:10]} Ra1
{[%clk 0:00:05]} 46. Kb5 {[%clk 0:00:11]} Ke6 {[%clk 0:00:05]} 47. Rc7
{[%clk 0:00:08]} d3 {[%clk 0:00:05]} 48. Rc6+ {[%clk 0:00:07]} Kd5
{[%clk 0:00:05]} 49. Rc8 {[%clk 0:00:08]} Kd4 {[%clk 0:00:04]} 50. Rd8+
{[%clk 0:00:07]} Ke3 {[%clk 0:00:04]} 51. Kb6 {[%clk 0:00:07]} d2
{[%clk 0:00:04]} 52. a7 {[%clk 0:00:08]} Ke2 {[%clk 0:00:04]} 0-1

[Event "Blitz 2018"]
[Site "Saint-Petersburg"]
[Date "2018.12.30"]
[Round "15"]
[Board "62"]
[White "Tomashevsky Evgeny (RUS)"]
[Black "Petrov Nikita (RUS)"]
[Result "1-0"]
[LiveChessVersion "1.4.8"]
[BlackElo "2468"]
[WhiteElo "2602"]

1. d4 {[%clk 0:03:03]} Nf6 {[%clk 0:03:02]} 2. Nf3 {[%clk 0:03:03]} d5
{[%clk 0:03:03]} 3. c4 {[%clk 0:03:04]} c6 {[%clk 0:03:04]} 4. Nc3
{[%clk 0:03:04]} dxc4 {[%clk 0:03:05]} 5. a4 {[%clk 0:03:04]} Bf5
{[%clk 0:03:04]} 6. Ne5 {[%clk 0:03:02]} Nbd7 {[%clk 0:03:05]} 7. Nxc4
{[%clk 0:03:03]} Nb6 {[%clk 0:03:05]} 8. Ne5 {[%clk 0:03:02]} a5 {[%clk 0:03:06]}
9. e3 {[%clk 0:02:56]} Nfd7 {[%clk 0:02:38]} 10. Bd3 {[%clk 0:02:53]} Bxd3
{[%clk 0:02:36]} 11. Nxd3 {[%clk 0:02:53]} e6 {[%clk 0:02:30]} 12. O-O
{[%clk 0:02:51]} Be7 {[%clk 0:02:31]} 13. b3 {[%clk 0:02:48]} O-O
{[%clk 0:02:29]} 14. e4 {[%clk 0:02:44]} c5 {[%clk 0:01:55]} 15. Be3
{[%clk 0:02:33]} c4 {[%clk 0:01:32]} 16. Nb2 {[%clk 0:02:14]} Rc8
{[%clk 0:01:15]} 17. bxc4 {[%clk 0:01:37]} Nxc4 {[%clk 0:01:15]} 18. Nxc4
{[%clk 0:01:37]} Rxc4 {[%clk 0:01:16]} 19. Nb5 {[%clk 0:01:38]} Nf6
{[%clk 0:00:21]} 20. Qd3 {[%clk 0:01:30]} Rc8 {[%clk 0:00:19]} 21. Rfc1
{[%clk 0:01:23]} Qd7 {[%clk 0:00:20]} 22. h3 {[%clk 0:01:23]} Rc6
{[%clk 0:00:18]} 23. Rd1 {[%clk 0:01:09]} Rcc8 {[%clk 0:00:08]} 24. d5
{[%clk 0:01:01]} exd5 {[%clk 0:00:08]} 25. exd5 {[%clk 0:01:02]} Bb4
{[%clk 0:00:09]} 26. d6 {[%clk 0:00:55]} Rfe8 {[%clk 0:00:09]} 27. Bf4
{[%clk 0:00:40]} Rc6 {[%clk 0:00:07]} 28. Rac1 {[%clk 0:00:35]} Rd8
{[%clk 0:00:06]} 29. Rc4 {[%clk 0:00:30]} Ne8 {[%clk 0:00:06]} 30. Re4
{[%clk 0:00:26]} Nf6 {[%clk 0:00:04]} 31. Re7 {[%clk 0:00:25]} Qc8
{[%clk 0:00:04]} 32. Qe2 {[%clk 0:00:20]} h6 {[%clk 0:00:04]} 33. Be5
{[%clk 0:00:18]} Nd7 {[%clk 0:00:04]} 34. Bg3 {[%clk 0:00:18]} Rc2
{[%clk 0:00:05]} 35. Qh5 {[%clk 0:00:18]} g6 {[%clk 0:00:04]} 36. Qf3
{[%clk 0:00:18]} Rf8 {[%clk 0:00:05]} 37. Kh2 {[%clk 0:00:15]} Rc5
{[%clk 0:00:04]} 38. Rd4 {[%clk 0:00:14]} Rf5 {[%clk 0:00:05]} 39. Rf4
{[%clk 0:00:15]} Ne5 {[%clk 0:00:05]} 40. Qe4 {[%clk 0:00:14]} Rxf4
{[%clk 0:00:05]} 41. Qxf4 {[%clk 0:00:14]} Nc6 {[%clk 0:00:05]} 42. Rc7
{[%clk 0:00:14]} Qe6 {[%clk 0:00:05]} 43. Qxh6 Bc5 {[%clk 0:00:03]} 44. Rxb7
{[%clk 0:00:13]} Nd8 {[%clk 0:00:03]} 45. Re7 {[%clk 0:00:14]} Qf5
{[%clk 0:00:04]} 46. Be5 {[%clk 0:00:13]} 1-0

[Event "Blitz 2018"]
[Site "Saint-Petersburg"]
[Date "2018.12.30"]
[Round "15"]
[Board "63"]
[White "Pantsulaia Levan (GEO)"]
[Black "Rechlis Gad (ISR)"]
[Result "1-0"]
[LiveChessVersion "1.4.8"]
[BlackElo "2500"]
[WhiteElo "2584"]

1. Nf3 {[%clk 0:03:03]} g6 {[%clk 0:03:02]} 2. g3 {[%clk 0:03:00]} Bg7
{[%clk 0:03:03]} 3. Bg2 {[%clk 0:03:01]} Nf6 {[%clk 0:02:59]} 4. b3
{[%clk 0:02:58]} O-O {[%clk 0:02:44]} 5. Bb2 {[%clk 0:02:58]} d6 {[%clk 0:02:45]}
6. d4 {[%clk 0:02:59]} Nbd7 {[%clk 0:02:41]} 7. O-O {[%clk 0:02:58]} c6
{[%clk 0:02:42]} 8. c4 {[%clk 0:02:52]} Re8 {[%clk 0:02:41]} 9. Nc3
{[%clk 0:02:52]} e5 {[%clk 0:02:39]} 10. d5 {[%clk 0:02:09]} c5 {[%clk 0:02:19]}
11. e4 {[%clk 0:02:05]} a6 {[%clk 0:02:19]} 12. Ne1 {[%clk 0:02:04]} b5
{[%clk 0:02:16]} 13. Nd3 {[%clk 0:02:03]} bxc4 {[%clk 0:02:16]} 14. bxc4 Nb6 15.
Qb3 {[%clk 0:01:40]} Rb8 {[%clk 0:02:19]} 16. a4 {[%clk 0:01:41]} Bd7
{[%clk 0:02:19]} 17. Qa2 {[%clk 0:01:42]} Nh5 {[%clk 0:01:54]} 18. Rab1
{[%clk 0:01:41]} f5 {[%clk 0:01:54]} 19. Ba3 {[%clk 0:01:33]} Nxa4
{[%clk 0:01:40]} 20. Nxa4 {[%clk 0:01:33]} Bxa4 {[%clk 0:01:41]} 21. Bxc5
{[%clk 0:01:28]} fxe4 {[%clk 0:01:11]} 22. Bxe4 {[%clk 0:01:27]} Nf6
{[%clk 0:01:12]} 23. Bg2 {[%clk 0:01:20]} Rxb1 {[%clk 0:01:10]} 24. Rxb1
{[%clk 0:01:20]} e4 {[%clk 0:01:10]} 25. Nf4 {[%clk 0:01:08]} Bd7
{[%clk 0:00:59]} 26. Bxd6 {[%clk 0:00:57]} e3 {[%clk 0:00:57]} 27. fxe3
{[%clk 0:00:49]} Bf5 {[%clk 0:00:57]} 28. c5 {[%clk 0:00:35]} Bxb1
{[%clk 0:00:53]} 29. Qxb1 {[%clk 0:00:36]} Rxe3 {[%clk 0:00:54]} 30. Ne6
{[%clk 0:00:32]} Qe8 {[%clk 0:00:33]} 31. c6 {[%clk 0:00:28]} Ng4
{[%clk 0:00:16]} 32. h3 {[%clk 0:00:25]} Bd4 {[%clk 0:00:12]} 33. Kh1
{[%clk 0:00:17]} Rxe6 {[%clk 0:00:08]} 34. dxe6 {[%clk 0:00:15]} Qxe6
{[%clk 0:00:09]} 35. c7 {[%clk 0:00:14]} Nf2+ {[%clk 0:00:00]} 1-0

[Event "Blitz 2018"]
[Site "Saint-Petersburg"]
[Date "2018.12.30"]
[Round "15"]
[Board "64"]
[White "Gasanov Eldar (UKR)"]
[Black "Tsoi Dmitry (RUS)"]
[Result "1/2-1/2"]
[LiveChessVersion "1.4.8"]
[BlackElo "2387"]
[WhiteElo "2581"]

1. d4 {[%clk 0:03:02]} f5 {[%clk 0:03:04]} 2. Nf3 {[%clk 0:03:02]} Nf6
{[%clk 0:03:05]} 3. Bg5 {[%clk 0:03:02]} e6 {[%clk 0:03:06]} 4. Nbd2
{[%clk 0:03:02]} d5 {[%clk 0:03:04]} 5. e3 {[%clk 0:03:01]} Be7 {[%clk 0:03:05]}
6. c4 {[%clk 0:03:01]} c6 {[%clk 0:03:06]} 7. Bd3 {[%clk 0:02:59]} O-O
{[%clk 0:03:04]} 8. O-O {[%clk 0:02:57]} Ne4 {[%clk 0:03:05]} 9. Bxe7
{[%clk 0:02:43]} Qxe7 {[%clk 0:03:06]} 10. Ne5 {[%clk 0:02:43]} Nd7
{[%clk 0:03:05]} 11. Ndf3 {[%clk 0:02:35]} Nd6 {[%clk 0:02:57]} 12. Qc2
{[%clk 0:02:23]} Nxe5 {[%clk 0:02:43]} 13. Nxe5 {[%clk 0:02:20]} Nf7
{[%clk 0:02:45]} 14. Nf3 {[%clk 0:02:11]} Nd6 {[%clk 0:02:46]} 15. Rac1
{[%clk 0:01:52]} Bd7 {[%clk 0:02:46]} 16. Ne5 {[%clk 0:01:45]} Nf7
{[%clk 0:02:35]} 17. Nf3 {[%clk 0:01:32]} Nd6 {[%clk 0:02:34]} 18. Ne5
{[%clk 0:01:20]} Nf7 {[%clk 0:02:35]} 19. f4 {[%clk 0:01:18]} Nxe5
{[%clk 0:02:35]} 20. fxe5 {[%clk 0:01:19]} Kh8 {[%clk 0:02:22]} 21. cxd5
{[%clk 0:01:15]} cxd5 {[%clk 0:02:18]} 22. Qc7 {[%clk 0:01:16]} Rab8
{[%clk 0:02:00]} 23. Qa5 {[%clk 0:00:47]} Bc6 {[%clk 0:01:21]} 24. Qd2
{[%clk 0:00:37]} Qg5 {[%clk 0:01:20]} 25. Rc3 {[%clk 0:00:36]} Rbc8
{[%clk 0:01:15]} 26. Qf2 {[%clk 0:00:33]} Bd7 {[%clk 0:01:12]} 27. Rfc1
{[%clk 0:00:32]} Rxc3 {[%clk 0:01:10]} 28. Rxc3 {[%clk 0:00:33]} Rc8
{[%clk 0:01:09]} 29. Rxc8+ {[%clk 0:00:24]} Bxc8 {[%clk 0:01:10]} 30. Qf4
{[%clk 0:00:15]} Qxf4 {[%clk 0:00:53]} 31. exf4 {[%clk 0:00:16]} Bd7
{[%clk 0:00:54]} 32. Kf2 {[%clk 0:00:10]} g6 {[%clk 0:00:55]} 33. g4
{[%clk 0:00:08]} Kg7 {[%clk 0:00:49]} 34. Kg3 {[%clk 0:00:09]} Be8
{[%clk 0:00:35]} 35. h4 {[%clk 0:00:10]} h5 {[%clk 0:00:22]} 36. gxh5
{[%clk 0:00:08]} gxh5 {[%clk 0:00:23]} 37. Kf2 {[%clk 0:00:08]} Kf8
{[%clk 0:00:24]} 38. Ke1 {[%clk 0:00:09]} Ke7 {[%clk 0:00:25]} 39. Kd2
{[%clk 0:00:10]} Kd8 {[%clk 0:00:27]} 40. Kc3 {[%clk 0:00:11]} Kc7
{[%clk 0:00:28]} 41. Kb4 {[%clk 0:00:08]} b6 {[%clk 0:00:27]} 42. a4
{[%clk 0:00:09]} a5+ {[%clk 0:00:26]} 43. Ka3 {[%clk 0:00:10]} Bd7
{[%clk 0:00:24]} 44. Be2 {[%clk 0:00:10]} Be8 {[%clk 0:00:25]} 45. b3
{[%clk 0:00:11]} Kb7 {[%clk 0:00:24]} 46. Kb2 {[%clk 0:00:12]} Kc7
{[%clk 0:00:26]} 47. Kc3 {[%clk 0:00:13]} Kb7 {[%clk 0:00:27]} 48. Kd2
{[%clk 0:00:13]} Kc7 {[%clk 0:00:27]} 49. Ba6 {[%clk 0:00:13]} Kb8
{[%clk 0:00:26]} 50. Kc3 {[%clk 0:00:14]} Kc7 {[%clk 0:00:27]} 51. Be2
{[%clk 0:00:13]} Kb7 {[%clk 0:00:28]} 52. b4 {[%clk 0:00:14]} Kc7
{[%clk 0:00:28]} 53. Kb3 {[%clk 0:00:15]} Kb7 {[%clk 0:00:28]} 54. Bf3
{[%clk 0:00:14]} Kc7 {[%clk 0:00:30]} 1/2-1/2

[Event "Blitz 2018"]
[Site "Saint-Petersburg"]
[Date "2018.12.30"]
[Round "15"]
[Board "65"]
[White "Gareyev Timur (USA)"]
[Black "Tissir Mohamed (MAR)"]
[Result "0-1"]
[LiveChessVersion "1.4.8"]
[BlackElo "2381"]
[WhiteElo "2577"]

1. d4 {[%clk 0:01:32]} e6 {[%clk 0:03:02]} 2. c4 {[%clk 0:01:33]} c5
{[%clk 0:03:03]} 3. d5 {[%clk 0:01:34]} exd5 {[%clk 0:03:04]} 4. cxd5
{[%clk 0:01:35]} d6 {[%clk 0:03:05]} 5. Nc3 {[%clk 0:01:34]} Ne7 {[%clk 0:03:06]}
6. h4 {[%clk 0:01:34]} h6 {[%clk 0:03:04]} 7. h5 {[%clk 0:01:34]} a6
{[%clk 0:03:03]} 8. a4 {[%clk 0:01:35]} Nf5 {[%clk 0:02:58]} 9. Nf3
{[%clk 0:01:34]} Nd7 {[%clk 0:02:46]} 10. e4 {[%clk 0:01:32]} Ne7
{[%clk 0:02:47]} 11. Bf4 {[%clk 0:01:33]} Ng8 {[%clk 0:02:43]} 12. Nd2
{[%clk 0:01:19]} Be7 {[%clk 0:02:31]} 13. Nc4 Nb6 14. Ne3 {[%clk 0:01:20]} Nf6
{[%clk 0:02:30]} 15. a5 {[%clk 0:01:21]} Nbd7 {[%clk 0:02:30]} 16. Nc4
{[%clk 0:01:23]} O-O {[%clk 0:01:44]} 17. Nxd6 {[%clk 0:01:10]} Bxd6
{[%clk 0:01:38]} 18. Bxd6 {[%clk 0:01:11]} Re8 {[%clk 0:01:40]} 19. f3
{[%clk 0:01:11]} b5 {[%clk 0:01:34]} 20. Be2 {[%clk 0:01:07]} Bb7
{[%clk 0:01:23]} 21. g4 {[%clk 0:01:07]} b4 {[%clk 0:01:17]} 22. Na4
{[%clk 0:01:06]} Nxe4 {[%clk 0:01:13]} 23. fxe4 {[%clk 0:01:05]} Rxe4
{[%clk 0:01:14]} 24. Qd3 {[%clk 0:01:02]} Rd4 {[%clk 0:01:14]} 25. Qg3
{[%clk 0:01:01]} Rxd5 {[%clk 0:01:01]} 26. O-O {[%clk 0:01:01]} Rd2
{[%clk 0:00:57]} 27. Bf3 {[%clk 0:01:01]} Bxf3 {[%clk 0:00:43]} 28. Qxf3
{[%clk 0:01:02]} Rxd6 {[%clk 0:00:33]} 29. Qxf7+ {[%clk 0:01:01]} Kh8
{[%clk 0:00:34]} 30. Rad1 {[%clk 0:00:54]} Nf6 {[%clk 0:00:32]} 31. Rde1
{[%clk 0:00:50]} Rd7 {[%clk 0:00:27]} 32. Qg6 {[%clk 0:00:50]} Rd4
{[%clk 0:00:28]} 33. Rxf6 {[%clk 0:00:37]} Qxf6 {[%clk 0:00:28]} 34. Qxf6
{[%clk 0:00:36]} gxf6 {[%clk 0:00:30]} 35. Nxc5 {[%clk 0:00:38]} Rxg4+
{[%clk 0:00:29]} 36. Kf2 {[%clk 0:00:39]} Rc8 {[%clk 0:00:29]} 37. Nxa6
{[%clk 0:00:40]} Rg5 {[%clk 0:00:25]} 38. Nxb4 {[%clk 0:00:38]} Rxa5
{[%clk 0:00:24]} 39. Re6 {[%clk 0:00:39]} Rxh5 {[%clk 0:00:21]} 40. Rxf6
{[%clk 0:00:39]} Kg7 {[%clk 0:00:15]} 41. Rb6 {[%clk 0:00:40]} Rf8+
{[%clk 0:00:15]} 42. Ke3 {[%clk 0:00:41]} Rh3+ {[%clk 0:00:14]} 43. Ke4
{[%clk 0:00:40]} Rf6 {[%clk 0:00:14]} 44. Rb7+ {[%clk 0:00:39]} Rf7
{[%clk 0:00:16]} 45. Rb6 {[%clk 0:00:39]} Rh4+ {[%clk 0:00:12]} 46. Ke5
{[%clk 0:00:39]} Rh5+ {[%clk 0:00:07]} 47. Ke4 {[%clk 0:00:39]} Rh4+
{[%clk 0:00:06]} 48. Ke5 {[%clk 0:00:40]} Rh5+ {[%clk 0:00:05]} 49. Ke4
{[%clk 0:00:39]} Rf6 {[%clk 0:01:04]} 50. Rxf6 Kxf6 {[%clk 0:01:06]} 51. Nd5+
{[%clk 0:00:37]} Kf7 {[%clk 0:01:05]} 52. b4 {[%clk 0:00:38]} Rh2
{[%clk 0:01:06]} 53. b5 {[%clk 0:00:30]} Rb2 {[%clk 0:01:04]} 54. b6
{[%clk 0:00:31]} Ke6 {[%clk 0:01:04]} 55. Nf4+ {[%clk 0:00:32]} Kf6
{[%clk 0:00:59]} 56. Nd5+ {[%clk 0:00:28]} Kg5 {[%clk 0:01:01]} 57. Kd4
{[%clk 0:00:24]} h5 {[%clk 0:01:00]} 58. Kc5 {[%clk 0:00:21]} h4 {[%clk 0:01:01]}
59. Nb4 {[%clk 0:00:15]} Rf2 {[%clk 0:00:37]} 60. Nd3 {[%clk 0:00:10]} Rf8
{[%clk 0:00:38]} 61. Ne5 {[%clk 0:00:06]} h3 {[%clk 0:00:25]} 62. b7
{[%clk 0:00:07]} h2 {[%clk 0:00:14]} 63. Nf3+ {[%clk 0:00:04]} Rxf3
{[%clk 0:00:13]} 64. b8=Q {[%clk 0:00:05]} h1=Q {[%clk 0:00:10]} 65. Qd8+
{[%clk 0:00:05]} Rf6 {[%clk 0:00:08]} 66. Qg8+ {[%clk 0:00:04]} Rg6
{[%clk 0:00:08]} 67. Qd8+ {[%clk 0:00:06]} Kg4 {[%clk 0:00:08]} 68. Qd4+
{[%clk 0:00:06]} Kg5 {[%clk 0:00:06]} 69. Qe5+ {[%clk 0:00:07]} Kg4
{[%clk 0:00:06]} 70. Qe4+ {[%clk 0:00:07]} Qxe4 0-1

[Event "Blitz 2018"]
[Site "Saint-Petersburg"]
[Date "2018.12.30"]
[Round "15"]
[Board "66"]
[White "Seliverstov Vladimir (RUS)"]
[Black "Al-Sayed Mohammed (QAT)"]
[Result "0-1"]
[LiveChessVersion "1.4.8"]
[BlackElo "2547"]
[WhiteElo "2512"]

1. d4 {[%clk 0:03:03]} d5 {[%clk 0:03:03]} 2. Bf4 {[%clk 0:03:04]} Nf6
{[%clk 0:03:02]} 3. e3 {[%clk 0:03:05]} c5 {[%clk 0:03:00]} 4. Nc3
{[%clk 0:03:06]} a6 {[%clk 0:02:56]} 5. Nf3 {[%clk 0:03:06]} cxd4
{[%clk 0:02:49]} 6. exd4 {[%clk 0:03:08]} Bg4 {[%clk 0:02:45]} 7. h3
{[%clk 0:03:07]} Bxf3 {[%clk 0:02:45]} 8. Qxf3 {[%clk 0:03:08]} Nc6
{[%clk 0:02:46]} 9. O-O-O {[%clk 0:03:09]} e6 {[%clk 0:02:46]} 10. g4
{[%clk 0:03:09]} Be7 {[%clk 0:02:20]} 11. g5 {[%clk 0:03:07]} Nd7
{[%clk 0:02:21]} 12. h4 {[%clk 0:03:08]} Qa5 {[%clk 0:02:09]} 13. Kb1
{[%clk 0:02:58]} Bb4 {[%clk 0:02:07]} 14. Ne2 {[%clk 0:02:57]} Qb6
{[%clk 0:02:06]} 15. h5 {[%clk 0:02:51]} Na5 {[%clk 0:01:44]} 16. g6
{[%clk 0:02:30]} f6 {[%clk 0:01:02]} 17. h6 {[%clk 0:02:06]} gxh6
{[%clk 0:00:56]} 18. g7 {[%clk 0:02:04]} Rg8 {[%clk 0:00:56]} 19. Qh5+
{[%clk 0:02:03]} Ke7 {[%clk 0:00:52]} 20. Nc1 {[%clk 0:01:20]} Rxg7
{[%clk 0:00:52]} 21. Bxh6 {[%clk 0:01:19]} Rf7 {[%clk 0:00:45]} 22. Bh3
{[%clk 0:00:58]} Nc4 {[%clk 0:00:46]} 23. Nd3 {[%clk 0:00:27]} Bc3
{[%clk 0:00:31]} 24. Bc1 {[%clk 0:00:11]} Na3+ 25. Ka1 Nxc2+ 26. Kb1 Na3+ 27. Ka1
Rc8 {[%clk 0:00:22]} 28. Qe2 {[%clk 0:00:13]} Bxd4 {[%clk 0:00:20]} 29. Nf4
{[%clk 0:00:08]} Ne5 {[%clk 0:00:17]} 30. Bxe6 {[%clk 0:00:08]} Nc2+
{[%clk 0:00:12]} 31. Kb1 {[%clk 0:00:09]} Na3+ 32. Ka1 Rc2 {[%clk 0:00:05]} 33.
Bxf7 {[%clk 0:00:08]} Bxb2+ {[%clk 0:00:05]} 0-1

[Event "Blitz 2018"]
[Site "Saint-Petersburg"]
[Date "2018.12.30"]
[Round "15"]
[Board "67"]
[White "Carlsson Pontus (SWE)"]
[Black "Huzman Alexander (ISR)"]
[Result "1-0"]
[LiveChessVersion "1.4.8"]
[BlackElo "2543"]
[WhiteElo "2511"]

1. e4 {[%clk 0:03:04]} e5 {[%clk 0:03:03]} 2. Nf3 {[%clk 0:03:05]} Nf6
{[%clk 0:03:04]} 3. d4 {[%clk 0:03:06]} Nxe4 {[%clk 0:03:04]} 4. Bd3
{[%clk 0:03:07]} d5 {[%clk 0:03:04]} 5. Nxe5 {[%clk 0:03:07]} Nd7
{[%clk 0:03:05]} 6. Nxd7 {[%clk 0:03:07]} Bxd7 {[%clk 0:03:06]} 7. O-O
{[%clk 0:03:08]} Bd6 {[%clk 0:03:07]} 8. c4 {[%clk 0:03:04]} c6 {[%clk 0:03:08]}
9. cxd5 {[%clk 0:03:03]} cxd5 {[%clk 0:03:09]} 10. Nc3 {[%clk 0:03:04]} O-O
{[%clk 0:02:48]} 11. Qh5 {[%clk 0:02:43]} g6 {[%clk 0:02:31]} 12. Qh6
{[%clk 0:02:33]} Nxc3 {[%clk 0:02:24]} 13. bxc3 {[%clk 0:02:32]} Re8
{[%clk 0:02:25]} 14. Bd2 {[%clk 0:02:28]} Bf8 {[%clk 0:02:23]} 15. Qf4
{[%clk 0:02:28]} Rc8 {[%clk 0:02:10]} 16. h4 {[%clk 0:02:22]} Bg7
{[%clk 0:02:05]} 17. Rfe1 {[%clk 0:02:19]} Qf6 {[%clk 0:02:05]} 18. Qg3
{[%clk 0:02:20]} h6 {[%clk 0:01:47]} 19. Bc2 {[%clk 0:02:16]} Bf5
{[%clk 0:01:27]} 20. Bb3 {[%clk 0:02:15]} Qc6 {[%clk 0:01:28]} 21. Rxe8+
{[%clk 0:01:58]} Rxe8 {[%clk 0:01:29]} 22. Re1 {[%clk 0:01:57]} Rxe1+
{[%clk 0:01:26]} 23. Bxe1 {[%clk 0:01:58]} Kh7 {[%clk 0:01:27]} 24. Bd2
{[%clk 0:01:55]} a5 {[%clk 0:01:28]} 25. Qf3 {[%clk 0:01:31]} Be6
{[%clk 0:01:24]} 26. h5 {[%clk 0:01:31]} g5 {[%clk 0:01:25]} 27. Bc2+
{[%clk 0:01:32]} Kg8 {[%clk 0:01:26]} 28. Qd3 {[%clk 0:01:31]} b5
{[%clk 0:01:21]} 29. f4 {[%clk 0:01:28]} gxf4 {[%clk 0:01:12]} 30. Bxf4
{[%clk 0:01:26]} Bg4 {[%clk 0:01:13]} 31. Qg3 {[%clk 0:01:19]} Qe6
{[%clk 0:01:13]} 32. Kh2 {[%clk 0:00:57]} Bxh5 {[%clk 0:01:10]} 33. Bd3
{[%clk 0:00:52]} b4 {[%clk 0:01:09]} 34. cxb4 {[%clk 0:00:51]} axb4
{[%clk 0:01:10]} 35. Be3 {[%clk 0:00:39]} Bg6 {[%clk 0:01:11]} 36. Be2
{[%clk 0:00:33]} Kh7 {[%clk 0:01:11]} 37. Qf4 {[%clk 0:00:30]} Be4
{[%clk 0:01:04]} 38. Bg4 {[%clk 0:00:29]} Qg6 {[%clk 0:01:04]} 39. Bh3
{[%clk 0:00:29]} Bf8 {[%clk 0:00:56]} 40. Qh4 {[%clk 0:00:19]} Bd6+
{[%clk 0:00:56]} 41. Bf4 {[%clk 0:00:20]} Kg7 {[%clk 0:00:51]} 42. Bxd6
{[%clk 0:00:15]} Qxd6+ {[%clk 0:00:51]} 43. Kh1 {[%clk 0:00:14]} Qf6
{[%clk 0:00:51]} 44. Qg3+ {[%clk 0:00:14]} Qg5 {[%clk 0:00:53]} 45. Qd6
{[%clk 0:00:11]} Qc1+ {[%clk 0:00:37]} 46. Kh2 {[%clk 0:00:12]} Qd2
{[%clk 0:00:38]} 47. Qe5+ {[%clk 0:00:12]} f6 {[%clk 0:00:33]} 48. Qe7+
{[%clk 0:00:12]} Kg6 {[%clk 0:00:34]} 49. Qe8+ {[%clk 0:00:13]} Kg5
{[%clk 0:00:35]} 50. Qg8+ {[%clk 0:00:12]} Kf4 {[%clk 0:00:35]} 51. Qg3#
{[%clk 0:00:13]} 1-0

[Event "Blitz 2018"]
[Site "Saint-Petersburg"]
[Date "2018.12.30"]
[Round "15"]
[Board "68"]
[White "Sanal Vahap (TUR)"]
[Black "Goganov Aleksey (RUS)"]
[Result "1-0"]
[LiveChessVersion "1.4.8"]
[BlackElo "2539"]
[WhiteElo "2488"]

1. e4 {[%clk 0:03:01]} e5 {[%clk 0:03:03]} 2. Nf3 {[%clk 0:03:02]} Nc6
{[%clk 0:03:04]} 3. Bb5 {[%clk 0:03:03]} a6 {[%clk 0:03:05]} 4. Ba4
{[%clk 0:03:04]} Nf6 {[%clk 0:03:06]} 5. O-O {[%clk 0:03:04]} Be7
{[%clk 0:03:07]} 6. Re1 {[%clk 0:03:05]} b5 {[%clk 0:03:07]} 7. Bb3
{[%clk 0:03:06]} d6 {[%clk 0:03:08]} 8. c3 {[%clk 0:03:07]} O-O {[%clk 0:03:08]}
9. h3 {[%clk 0:03:09]} Nb8 {[%clk 0:03:09]} 10. d4 {[%clk 0:03:09]} Nbd7
{[%clk 0:03:10]} 11. Nbd2 {[%clk 0:03:10]} Bb7 {[%clk 0:03:11]} 12. Bc2
{[%clk 0:03:11]} Re8 {[%clk 0:03:12]} 13. a4 {[%clk 0:03:12]} Bf8
{[%clk 0:03:09]} 14. Bd3 {[%clk 0:03:13]} c6 {[%clk 0:03:10]} 15. b3
{[%clk 0:03:14]} Qc7 {[%clk 0:03:09]} 16. Bb2 {[%clk 0:03:12]} g6
{[%clk 0:03:06]} 17. Qc2 {[%clk 0:03:12]} Bg7 {[%clk 0:03:07]} 18. Rad1
{[%clk 0:03:09]} Rad8 {[%clk 0:02:51]} 19. b4 {[%clk 0:02:49]} Nb6
{[%clk 0:02:51]} 20. axb5 {[%clk 0:02:46]} cxb5 {[%clk 0:02:50]} 21. Qb3
{[%clk 0:02:39]} exd4 {[%clk 0:02:37]} 22. cxd4 {[%clk 0:02:40]} d5
{[%clk 0:02:37]} 23. e5 {[%clk 0:02:28]} Nfd7 {[%clk 0:02:34]} 24. Nf1
{[%clk 0:02:15]} Nc4 {[%clk 0:02:34]} 25. Bc1 {[%clk 0:02:13]} Nf8
{[%clk 0:02:17]} 26. Bg5 {[%clk 0:02:10]} Rc8 {[%clk 0:02:16]} 27. N1h2
{[%clk 0:01:45]} Ne6 {[%clk 0:02:12]} 28. Bc1 {[%clk 0:01:38]} f5
{[%clk 0:01:59]} 29. exf6 {[%clk 0:01:38]} Bxf6 {[%clk 0:02:00]} 30. Ng4
{[%clk 0:01:33]} Bg7 {[%clk 0:02:01]} 31. Nh6+ {[%clk 0:01:29]} Kh8
{[%clk 0:02:00]} 32. Bb1 {[%clk 0:01:25]} Nxd4 {[%clk 0:01:51]} 33. Nxd4
{[%clk 0:01:06]} Bxd4 {[%clk 0:01:50]} 34. Qf3 {[%clk 0:00:50]} Rf8
{[%clk 0:01:36]} 35. Qxf8+ {[%clk 0:00:46]} Rxf8 {[%clk 0:01:36]} 36. Rxd4
{[%clk 0:00:47]} Qg7 {[%clk 0:01:34]} 37. Rf4 {[%clk 0:00:16]} d4
{[%clk 0:00:51]} 38. Rxf8+ {[%clk 0:00:16]} Qxf8 {[%clk 0:00:53]} 39. Bg5
{[%clk 0:00:17]} Nd6 {[%clk 0:00:42]} 40. Re6 {[%clk 0:00:13]} Kg7
{[%clk 0:00:37]} 41. Re7+ {[%clk 0:00:10]} Kh8 {[%clk 0:00:35]} 42. Ba2
{[%clk 0:00:06]} d3 {[%clk 0:00:33]} 43. Rd7 {[%clk 0:00:07]} Bc8
{[%clk 0:00:30]} 44. Rf7 {[%clk 0:00:06]} Nxf7 {[%clk 0:00:16]} 45. Bf6+
{[%clk 0:00:07]} Qg7 {[%clk 0:00:17]} 46. Nxf7+ {[%clk 0:00:07]} Kg8
{[%clk 0:00:19]} 47. Nd6+ {[%clk 0:00:05]} Kf8 {[%clk 0:00:21]} 48. Bxg7+
{[%clk 0:00:06]} Kxg7 {[%clk 0:00:22]} 49. Nxc8 {[%clk 0:00:07]} 1-0